Testing the dynamic specification of an econometric model with an application to Belgian data (Registro nro. 27014)
[ vista simple ]
| 000 -LEADER | |
|---|---|
| fixed length control field | 00377 a2200109 4500 |
| 001 - CONTROL NUMBER | |
| control field | ART_14752 |
| 005 - DATE AND TIME OF LATEST TRANSACTION | |
| control field | 20260410161913.0 |
| 008 - FIXED-LENGTH DATA ELEMENTS--GENERAL INFORMATION | |
| fixed length control field | 260409a |
| 100 1# - MAIN ENTRY--PERSONAL NAME | |
| Personal name | Palm, Franz |
| 245 10 - TITLE STATEMENT | |
| Title | Testing the dynamic specification of an econometric model with an application to Belgian data |
| 773 0# - HOST ITEM ENTRY | |
| Title | European economic review |
| Related parts | - Vol. 8, Nº 3 (oct. 1976) |
| Record control number | REV13346 |
No hay ítems disponibles.